Cena už nie je všetko

Pred niekoľkými rokmi zažili zľavové portály veľký boom. Ako sa im darí dnes a akú majú budúcnosť. Cez zľavové portály sa kupuje menej tovaru a viac zážitkov.

Salvato in:
Dettagli Bibliografici
Autore principale: Petrášová, Michaela
Natura: Capitolo di libro
Lingua:slovacco
Soggetti:
Tags: Aggiungi Tag
Nessun Tag, puoi essere il primo ad aggiungerne!!

MARC

LEADER 00000naa a2200000 4500
001 0229937
005 20170509140606.9
041 0 |a slo 
044 |a SK 
245 1 0 |a Cena už nie je všetko  |c Michaela Petrášová 
520 |a Pred niekoľkými rokmi zažili zľavové portály veľký boom. Ako sa im darí dnes a akú majú budúcnosť. Cez zľavové portály sa kupuje menej tovaru a viac zážitkov. 
610 2 0 |a nákup 
610 2 0 |a nákup elektronický 
610 2 0 |a zľavy obchodné 
100 1 |a Petrášová, Michaela